000 00380nam a2200145Ia 4500
008 240624s9999 xx 000 0 und d
041 _aeng
082 _a510.2433 PEM
100 _aPEMBERTON MALCOLM
245 _aMATHEMATICS FOR ECONOMISTS AN INTRODUCTO
250 _a(4th ed.)
260 _c2017
_aNew Delhi
_bViva Books
300 _axviii, 757 p.; 23 cm.
365 _cRS
_b33
999 _c29953
_d29953